Všetkými zmyslami
Po smrti milovaného otca vstúpi do života dvadsaťročnej Ember jej bývalá stredoškolská láska - Josh Walker, hokejová hviezda a tréner jej mladšieho brata. Jediným pohľadom a dotykom dokáže zmierniť Emberinu bolesť. S ním po boku začne veriť v seba aj v ich budúcnosť. Josh má však tajomstvo. Tajomstv...
| Main Author: | |
|---|---|
| Other Authors: | |
| Format: | CD Audio |
| Language: | Slovak English |
| PhysicalDescription: | 1 elektronický optický disk (CD-ROM) digitálny, mono, MP3 12cm |
| Published: |
Levoča
Slovenská knižnica pre nevidiacich Mateja Hrebendu
2024
|
| ISBN: | 9788018124420 |
| Subjects: |
MARC
| LEADER | 00000nim a2200000 a 4500 | ||
|---|---|---|---|
| 001 | vtls012267207 | ||
| 003 | SK-MaSNL | ||
| 005 | 20260301130038.0 | ||
| 007 | sd fsngnnmmnud | ||
| 008 | 241120s2024 xo nnnnfs f n slo | ||
| 015 | |a SNBJ2025 | ||
| 020 | |a 9788018124420 |q (zvuková kniha) | ||
| 040 | |a SNK |b slo |c SNK |e AACR2 | ||
| 041 | 1 | |a slo |h eng | |
| 044 | |a xo |c SK | ||
| 072 | 7 | |a 821.111(73)-3 |x Americká próza |2 konspekt | |
| 080 | |a 821.111(73)-31 |2 2011 | ||
| 080 | |a (0:82-312.5) |2 2011 | ||
| 080 | |a (086.76) |2 2001 | ||
| 100 | 1 | |a Yarros, Rebecca, |d 1981- |4 aut |9 249321 | |
| 245 | 1 | 0 | |a Všetkými zmyslami |h elektronický zdroj |c Rebecca Yarros ; číta: Miriama Fedorková |
| 260 | |a Levoča |b Slovenská knižnica pre nevidiacich Mateja Hrebendu |c 2024 | ||
| 300 | |a 1 elektronický optický disk (CD-ROM) |b digitálny, mono, MP3 |c 12cm | ||
| 306 | |a 104800 | ||
| 520 | 8 | |a Po smrti milovaného otca vstúpi do života dvadsaťročnej Ember jej bývalá stredoškolská láska - Josh Walker, hokejová hviezda a tréner jej mladšieho brata. Jediným pohľadom a dotykom dokáže zmierniť Emberinu bolesť. S ním po boku začne veriť v seba aj v ich budúcnosť. Josh má však tajomstvo. Tajomstvo, ktoré môže všetko spochybniť a Ember úplne zničiť... | |
| 521 | |a pre nevidiacich, slabozrakých a inak zdravotne postihnutých | ||
| 655 | 7 | |a zvukové záznamy |2 SNKPH |9 70720 | |
| 655 | 7 | |a americké romány |2 SNKPH |9 1174 | |
| 655 | 7 | |a ľúbostné romány |2 SNKPH |9 70497 | |
| 655 | 7 | |a CD-ROM |2 SNKPH |9 70236 | |
| 700 | 1 | |a Fedorková, Miriama |4 nrt |9 306323 | |
| 752 | |a Slovensko |d Levoča | ||
| 787 | 0 | 8 | |i Podľa knihy: |t Všetkými zmyslami |d Bratislava : Lindeni v spoločnosti Albatros Media Slovakia, s.r.o., 2024 |z 978-80-566-3969-6 |
| 919 | |a 978-80-18-12442-0 | ||
| 999 | |c 744270 |d 746200 | ||
| 952 | |a SNK |b SNK |y NEVYP |7 1 |p 17A1579429 |o snkSCD 7413 |i snk2025/13908 |8 0 |0 0 |1 0 |4 0 |d 2025-09-03 |l 0 |r 2026-02-23 23:11:37 |w 2026-02-23 | ||


